[Event "Porto Sant Elpidio op-A 2nd"]
[Site "Porto Sant Elpidio"]
[Date "1999.10.24"]
[Round "5"]
[White "Panichelli, Benedetto"]
[Black "Rotoni, Matteo"]
[Result "1/2-1/2"]
[WhiteElo "1710"]
[BlackElo "1732"]
[PlyCount "128"]
[EventDate "1999.10.16"]
[EventType "swiss"]
[EventRounds "6"]
[EventCountry "ITA"]
[SourceTitle "EXT 2024"]
[Source "ChessBase"]
[SourceDate "2023.10.10"]
[SourceVersion "1"]
[SourceVersionDate "2023.10.10"]
[SourceQuality "1"]

1. d4 Nf6 2. Nc3 d5 3. e4 e6 4. Bg5 Be7 5. e5 Nfd7 6. Bxe7 Qxe7 7. Nf3 a6 8. Qd2 c5 9. Ne2 cxd4 10. Nexd4 Nc6 11. Nxc6 bxc6 12. Bd3 c5 13. b3 h6 14. Qe2 Bb7 15. 0-0 a5 16. Nd2 0-0 17. f4 f5 18. exf6 Rxf6 19. Rae1 Qd6 20. Bb5 Nf8 21. g3 Qb6 22. a4 Rd8 23. Nf3 Ng6 24. h4 c4+ 25. Qf2 Qxf2+ 26. Rxf2 cxb3 27. cxb3 d4 28. h5 Ne7 29. Ne5 Nd5 30. Nd7 Rf5 31. Re5 Rxe5 32. Nxe5 Nc3 33. Nc4 d3 34. Nd2 Nxb5 35. axb5 Rd5 36. Rf3 Rxb5 37. Rxd3 Rxh5 38. Rd8+ Kh7 39. Kf2 Rd5 40. Rxd5 Bxd5 41. Ke3 Bc6 42. Nc4 a4 43. b4 Bd5 44. Na3 Kg6 45. b5 Kf5 46. b6 g5 47. Nc4 gxf4+ 48. gxf4 Kg4 49. Ne5+ Kg3 50. Nd3 h5 51. Kd4 h4 52. f5 h3 53. fxe6 Bc6 54. e7 h2 55. e8Q Bxe8 56. b7 h1Q 57. b8Q+ Kg2 58. Qb7+ Kg1 59. Qb1+ Kh2 60. Qb8+ Kg1 61. Qg3+ Qg2 62. Qe1+ Kh2 63. Qh4+ Kg1 64. Qe1+ Kh2 1/2-1/2

[Event "Porto Sant Elpidio op-A 2nd"]
[Site "Porto Sant Elpidio"]
[Date "1999.10.17"]
[Round "3"]
[White "Panichelli, Benedetto"]
[Black "Giardina, Piera"]
[Result "1-0"]
[WhiteElo "1710"]
[BlackElo "1341"]
[PlyCount "55"]
[EventDate "1999.10.16"]
[EventType "swiss"]
[EventRounds "6"]
[EventCountry "ITA"]
[SourceTitle "EXT 2024"]
[Source "ChessBase"]
[SourceDate "2023.10.10"]
[SourceVersion "1"]
[SourceVersionDate "2023.10.10"]
[SourceQuality "1"]

1. d4 d5 2. c4 Bf5 3. Nc3 e6 4. cxd5 exd5 5. Qb3 b6 6. Qxd5 Qxd5 7. Nxd5 Bd6 8. Nc3 Nf6 9. Bg5 Nbd7 10. f3 c5 11. d5 Be5 12. e4 Bg6 13. Bb5 0-0 14. Nge2 h6 15. Be3 Rfd8 16. a4 a5 17. 0-0 Nb8 18. Nf4 Bh7 19. Nd3 Bxc3 20. bxc3 Na6 21. Bxa6 Rxa6 22. c4 Ra7 23. Ne5 Rd6 24. Rab1 Rb7 25. Bxc5 Rd8 26. Bxb6 Rc8 27. Nc6 Nd7 28. Ne7+ 1-0